[Event "Titled Tuesday intern op 02nd Apr Late"]
[Site "Chess.com INT"]
[Date "2024.04.02"]
[Round "1"]
[White "Kepeshchuk, Mykhaylo"]
[Black "Sargsyan, Shant"]
[Result "0-1"]
[WhiteElo "2269"]
[BlackElo "2637"]
[PlyCount "108"]
[EventDate "2024.04.02"]
[EventType "swiss (blitz)"]
[EventRounds "11"]
[EventCountry "USA"]
[SourceTitle "CB15_2024"]
[SourceDate "2024.04.10"]
[SourceVersion "1"]
[SourceVersionDate "2024.04.10"]
[SourceQuality "1"]

1. d4 g6 2. c4 Bg7 3. Nc3 c5 4. d5 d6 5. e4 Nf6 6. h3 0-0 7. Nf3 e6 8. Be2 Re8 9. 0-0 a6 10. a4 b6 11. Re1 Ra7 12. Bf1 Rae7 13. Bf4 e5 14. Bd2 a5 15. Nb5 Na6 16. Nh2 Nc7 17. Na7 Bd7 18. Bg5 Qa8 19. Nb5 Nxb5 20. axb5 h6 21. Bh4 Qc8 22. f3 g5 23. Bf2 h5 24. Be3 Nh7 25. Qd2 f6 26. g4 Kf7 27. Kf2 Rh8 28. Ke2 Nf8 29. Kd1 Ng6 30. Kc2 Rh7 31. Bg2 Re8 32. Rh1 Reh8 33. Bf1 hxg4 34. hxg4 Nf4 35. Bxf4 exf4 36. Qg2 Qd8 37. Bd3 Rh4 38. Rag1 a4 39. Nf1 a3 40. bxa3 Qa8 41. Kb3 Qa5 42. Rxh4 Rxh4 43. Qd2 Qa8 44. a4 Rh3 45. Be2 Qa7 46. a5 bxa5 47. Ka4 Rh8 48. Rg2 Ra8 49. Rh2 Qb8 50. Bd1 Qe8 51. Qg2 Qe5 52. Qh3 Qa1+ 53. Kb3 f5 54. Qh5+ Kf8 0-1

[Event "Titled Tuesday intern op 02nd Apr Late"]
[Site "Chess.com INT"]
[Date "2024.04.02"]
[Round "6"]
[White "Vakhlamov, Igor L"]
[Black "Sargsyan, Shant"]
[Result "0-1"]
[WhiteElo "2413"]
[BlackElo "2637"]
[PlyCount "104"]
[EventDate "2024.04.02"]
[EventType "swiss (blitz)"]
[EventRounds "11"]
[EventCountry "USA"]
[SourceTitle "CB15_2024"]
[SourceDate "2024.04.10"]
[SourceVersion "1"]
[SourceVersionDate "2024.04.10"]
[SourceQuality "1"]

1. e4 g6 2. d4 Nf6 3. e5 Nh5 4. Nf3 d6 5. Bc4 Bg7 6. h3 dxe5 7. Nxe5 Bxe5 8. dxe5 Qxd1+ 9. Kxd1 Nc6 10. f4 Ng3 11. Re1 Bf5 12. Be3 0-0-0+ 13. Kc1 Be6 14. Bb5 Nd4 15. Nc3 Ngf5 16. Bf2 Nxb5 17. Nxb5 a6 18. Nc3 h5 19. b3 h4 20. Re2 Bd5 21. Nxd5 Rxd5 22. Rd2 Rhd8 23. Rxd5 Rxd5 24. c4 Rd8 25. Kc2 Nd4+ 26. Bxd4 Rxd4 27. Rf1 e6 28. Kc3 c5 29. b4 b6 30. a4 a5 31. bxc5 bxc5 32. Rf2 Kc7 33. Rf1 Kc6 34. Rf2 Rd1 35. Rb2 Rc1+ 36. Kd3 Ra1 37. Rb8 Ra3+ 38. Kd2 Rxa4 39. Rc8+ Kb6 40. Rf8 Rxc4 41. Rxf7 a4 42. Rf8 Kc6 43. Ra8 Rxf4 44. Ke3 Rb4 45. Rd8 a3 46. Rd6+ Kb5 47. Rxe6 a2 48. Ra6 Kxa6 49. e6 a1Q 50. e7 Qe5+ 51. Kf2 Rb2+ 52. Kf3 Rb3+ 0-1

[Event "Bucharest Grand Prix op"]
[Site "Bucharest"]
[Date "2024.03.24"]
[Round "7"]
[White "Sarana, Alexey"]
[Black "Sargsyan, Shant"]
[Result "0-1"]
[WhiteElo "2699"]
[BlackElo "2637"]
[PlyCount "73"]
[EventDate "2024.03.23"]
[EventType "swiss (rapid)"]
[EventRounds "10"]
[EventCountry "ROU"]
[SourceTitle "CB13_2024"]
[SourceDate "2024.03.27"]
[SourceVersion "1"]
[SourceVersionDate "2024.03.27"]
[SourceQuality "1"]

1. d4 d5 2. c4 e6 3. Nc3 Nf6 4. Bg5 Be7 5. e3 h6 6. Bh4 0-0 7. Qc2 b6 8. Nf3 Bb7 9. Bxf6 Bxf6 10. cxd5 exd5 11. Rd1 Nd7 12. g3 c5 13. Bg2 Rc8 14. 0-0 Qe7 15. Rfe1 Rfd8 16. h4 a6 17. Nh2 Qe6 18. Qe2 g6 19. Qf3 Nf8 20. Ng4 Bg7 21. Qf4 Kh7 22. Ne5 f6 23. Nd3 c4 24. Nb4 a5 25. Nc2 g5 26. Qf3 g4 27. Qe2 f5 28. f3 h5 29. e4 gxf3 30. Qxf3 fxe4 31. Qxh5+ Qh6 32. Qf5+ Qg6 33. Bh3 Rc7 34. Ne3 Bh6 35. Nexd5 Rf7 36. Qxg6+ Nxg6 37. Rxe4 0-1

[Event "Titled Tuesday intern op 27th Feb Late"]
[Site "Chess.com INT"]
[Date "2024.02.27"]
[Round "5"]
[White "Sargsyan, Shant"]
[Black "Nihal, Sarin"]
[Result "0-1"]
[WhiteElo "2637"]
[BlackElo "2693"]
[PlyCount "54"]
[EventDate "2024.02.27"]
[EventType "swiss (blitz)"]
[EventRounds "11"]
[EventCountry "USA"]
[SourceTitle "CB10_2024"]
[SourceDate "2024.03.06"]
[SourceVersion "1"]
[SourceVersionDate "2024.03.06"]
[SourceQuality "1"]

1. c4 c5 2. Nf3 Nf6 3. Nc3 d5 4. cxd5 Nxd5 5. g3 Nc6 6. Bg2 g6 7. h4 Bg7 8. h5 Bf5 9. Qb3 Ndb4 10. d3 c4 11. Qa4 cxd3 12. 0-0 Bxc3 13. bxc3 dxe2 14. cxb4 exf1Q+ 15. Bxf1 Qd5 16. b5 Qxf3 17. Bg2 Qc3 18. bxc6 0-0 19. cxb7 Rad8 20. Kh2 Qxa1 21. Qa3 Qe5 22. Bb2 Qe1 23. Qxa7 Rd1 24. g4 Qg1+ 25. Kg3 Rd3+ 26. Kf4 Qh2+ 27. Kg5 f6+ 0-1

[Event "Chessable Masters Play In"]
[Site "Chess.com INT"]
[Date "2024.01.31"]
[Round "2"]
[White "Sargsyan, Shant"]
[Black "Nasuta, Grzegorz"]
[Result "1/2-1/2"]
[WhiteElo "2634"]
[BlackElo "2563"]
[PlyCount "87"]
[EventDate "2024.01.31"]
[EventType "swiss (rapid)"]
[EventRounds "9"]
[EventCountry "USA"]
[SourceTitle "CB06_2024"]
[SourceDate "2024.02.07"]
[SourceVersion "1"]
[SourceVersionDate "2024.02.07"]
[SourceQuality "1"]

1. d4 d5 2. Nf3 Nf6 3. Bf4 c5 4. e3 Nc6 5. Nbd2 Nh5 6. Be5 e6 7. c3 Be7 8. h3 0-0 9. Bh2 Qb6 10. Qb3 c4 11. Qc2 f5 12. Be2 Nf6 13. b3 cxb3 14. axb3 Bd7 15. 0-0 Rfc8 16. Rfc1 Be8 17. Qb2 Bh5 18. c4 Qd8 19. cxd5 exd5 20. Bb5 Nb4 21. Ne5 a6 22. Bf1 Ne4 23. g4 Bg6 24. f4 Bh4 25. Kg2 Bf6 26. Nxe4 fxe4 27. Bg3 Be8 28. Be1 Qb6 29. Rxc8 Rxc8 30. Rc1 Rxc1 31. Qxc1 Nc6 32. b4 Be7 33. Qb2 Nxe5 34. fxe5 Bb5 35. Qf2 Bxf1+ 36. Qxf1 g6 37. Qf2 Qc6 38. h4 Qe6 39. Qe2 Qd7 40. Kg3 Qd8 41. Kh3 Qd7 42. Kg3 Qd8 43. Kh3 Qd7 44. Kg3 1/2-1/2

[Event "Chessable Masters Play In"]
[Site "Chess.com INT"]
[Date "2024.01.31"]
[Round "3"]
[White "Sargsyan, Shant"]
[Black "Tsydypov, Zhamsaran"]
[Result "1-0"]
[WhiteElo "2634"]
[BlackElo "2522"]
[PlyCount "55"]
[EventDate "2024.01.31"]
[EventType "swiss (rapid)"]
[EventRounds "9"]
[EventCountry "USA"]
[SourceTitle "CB06_2024"]
[SourceDate "2024.02.07"]
[SourceVersion "1"]
[SourceVersionDate "2024.02.07"]
[SourceQuality "1"]

1. d4 Nf6 2. Nf3 e6 3. Bf4 d5 4. e3 Bd6 5. Nbd2 0-0 6. Bd3 b6 7. Qe2 c5 8. c3 Nc6 9. Bg3 Bb7 10. Rd1 Ne7 11. Ne5 cxd4 12. exd4 Nf5 13. Bf4 Re8 14. 0-0 Qc7 15. Rfe1 Nd7 16. Bb5 Bxe5 17. Bxe5 Qc8 18. Bf4 Bc6 19. Bd3 Ne7 20. Nf3 Ng6 21. Bg3 f6 22. Qc2 Ndf8 23. h4 Ne7 24. h5 Qd7 25. h6 g5 26. Nh2 Nf5 27. Ng4 Kf7 28. Be5 1-0

[Event "Titled Tuesday intern op 23rd Jan Late"]
[Site "Chess.com INT"]
[Date "2024.01.23"]
[Round "4"]
[White "Espinoza Villanueva, Rodrigo"]
[Black "Sargsyan, Shant"]
[Result "0-1"]
[WhiteElo "1928"]
[BlackElo "2634"]
[PlyCount "60"]
[EventDate "2024.01.23"]
[EventType "swiss (blitz)"]
[EventRounds "11"]
[EventCountry "USA"]
[SourceTitle "CB05_2024"]
[SourceDate "2024.01.31"]
[SourceVersion "1"]
[SourceVersionDate "2024.01.31"]
[SourceQuality "1"]

1. e4 g6 2. d4 Nf6 3. Nc3 d5 4. exd5 Nxd5 5. Nxd5 Qxd5 6. Nf3 Bg7 7. Be2 0-0 8. 0-0 Rd8 9. c3 Bf5 10. Be3 Nd7 11. Qa4 c6 12. Rad1 Nb6 13. Qb3 Qxb3 14. axb3 Bc2 15. Ra1 Bxb3 16. Bf4 Bc4 17. Rfe1 Bxe2 18. Rxe2 Nd5 19. Bg5 Rd7 20. h4 e6 21. Bd2 b5 22. Ra6 Nb6 23. Bc1 Rc8 24. Ne5 Bxe5 25. Rxe5 Nd5 26. Kf1 h5 27. Bd2 c5 28. dxc5 Rxc5 29. Re1 Nc7 30. Be3 Nxa6 0-1

[Event "Titled Tuesday intern op 16th Jan Late"]
[Site "Chess.com INT"]
[Date "2024.01.16"]
[Round "5"]
[White "Sargsyan, Shant"]
[Black "Bjelobrk, Igor"]
[Result "1-0"]
[WhiteElo "2634"]
[BlackElo "2403"]
[PlyCount "59"]
[EventDate "2024.01.16"]
[EventType "swiss (blitz)"]
[EventRounds "11"]
[EventCountry "USA"]
[SourceTitle "CB04_2024"]
[SourceDate "2023.10.16"]
[SourceVersion "1"]
[SourceVersionDate "2023.10.16"]
[SourceQuality "1"]

1. c4 b6 2. d4 Bb7 3. Nc3 e6 4. a3 f5 5. Nf3 Nf6 6. d5 Na6 7. Nd4 Nc5 8. b4 Nce4 9. Nxe4 Nxe4 10. Bb2 a5 11. bxa5 Rxa5 12. e3 Bd6 13. Bd3 0-0 14. Bxe4 fxe4 15. Qg4 Qf6 16. 0-0 exd5 17. Rab1 dxc4 18. Ne6 Qh6 19. Nf4 Rg5 20. Qxd7 Bc8 21. Qc6 Bh3 22. Qxc4+ Kh8 23. g3 Bxf1 24. Rxf1 Bxf4 25. exf4 Rh5 26. h4 Qg6 27. Re1 Rxh4 28. Qxe4 Qg4 29. Qe7 Rh6 30. Qxf8# 1-0

[Event "Wch Blitz"]
[Site "Samarkand"]
[Date "2023.12.30"]
[Round "19"]
[White "Ponkratov, Pavel"]
[Black "Sargsyan, Shant"]
[Result "0-1"]
[WhiteElo "2608"]
[BlackElo "2634"]
[PlyCount "130"]
[EventDate "2023.12.29"]
[EventType "swiss (blitz)"]
[EventRounds "21"]
[EventCountry "UZB"]
[SourceTitle "CB01_2024"]
[SourceDate "2024.01.03"]
[SourceVersion "1"]
[SourceVersionDate "2024.01.03"]
[SourceQuality "1"]

1. c4 e6 2. Nc3 d5 3. e3 Nf6 4. Nf3 Bd6 5. b3 0-0 6. Bb2 Re8 7. g4 c6 8. g5 Ne4 9. h4 Nxc3 10. Bxc3 e5 11. Qc2 d4 12. Bb2 Bg4 13. Nh2 Bh5 14. Bd3 g6 15. f3 c5 16. 0-0-0 Nc6 17. a3 a5 18. Ng4 Bxg4 19. fxg4 a4 20. bxa4 Qa5 21. Be4 Qxa4 22. Rdf1 Qxc2+ 23. Kxc2 Na5 24. Bd5 Re7 25. Rf6 Bc7 26. Rhf1 Rf8 27. e4 Rd7 28. a4 Bd8 29. Ba3 Bxf6 30. gxf6 b6 31. Rb1 Rd6 32. Rb5 Rc8 33. g5 Rc7 34. d3 Kf8 35. Bc1 Ra7 36. Ba3 Rc7 37. Rb1 Ke8 38. h5 Ra7 39. Rh1 Rxd5 40. exd5 Kd7 41. hxg6 hxg6 42. Rh8 Nb7 43. Kb3 Nd6 44. Bc1 Rc7 45. Bd2 Rc8 46. Rh4 Re8 47. a5 bxa5 48. Bxa5 e4 49. Kc2 exd3+ 50. Kxd3 Re3+ 51. Kc2 Nxc4 52. Bd2 Nxd2 53. Kxd2 Re5 54. Rh7 Rxg5 55. Rxf7+ Kd6 56. Rf8 Rf5 57. Rd8+ Kc7 58. Rf8 Kd6 59. Rd8+ Ke5 60. Kd3 Rf3+ 61. Kc4 Rc3+ 62. Kb5 Kxf6 63. d6 d3 64. Kc6 d2 65. Rf8+ Kg7 0-1

[Event "Wch Rapid"]
[Site "Samarkand"]
[Date "2023.12.28"]
[Round "13"]
[White "Grigoriants, Sergey"]
[Black "Sargsyan, Shant"]
[Result "1/2-1/2"]
[WhiteElo "2544"]
[BlackElo "2634"]
[PlyCount "46"]
[EventDate "2023.12.26"]
[EventType "swiss (rapid)"]
[EventRounds "13"]
[EventCountry "UZB"]
[SourceTitle "CB01_2024"]
[SourceDate "2024.01.03"]
[SourceVersion "1"]
[SourceVersionDate "2024.01.03"]
[SourceQuality "1"]

1. e4 e5 2. Nf3 Nc6 3. Bc4 Nf6 4. d3 Bc5 5. Nc3 h6 6. 0-0 0-0 7. a3 a6 8. Be3 d6 9. h3 Re8 10. b4 Bxe3 11. fxe3 Be6 12. Bxe6 Rxe6 13. Nd5 Ne7 14. c4 Ng6 15. Nxf6+ Rxf6 16. Qd2 c6 17. d4 exd4 18. exd4 Rf4 19. Rae1 Qe7 20. Qd3 Re8 21. e5 dxe5 22. Nxe5 Rxf1+ 23. Qxf1 Nxe5 1/2-1/2

[Event "Wch Rapid"]
[Site "Samarkand"]
[Date "2023.12.26"]
[Round "3"]
[White "Sargsyan, Shant"]
[Black "Mitrabha, Guha"]
[Result "1/2-1/2"]
[WhiteElo "2634"]
[BlackElo "2508"]
[PlyCount "114"]
[EventDate "2023.12.26"]
[EventType "swiss (rapid)"]
[EventRounds "13"]
[EventCountry "UZB"]
[SourceTitle "CB01_2024"]
[SourceDate "2024.01.03"]
[SourceVersion "1"]
[SourceVersionDate "2024.01.03"]
[SourceQuality "1"]

1. d4 Nf6 2. Nf3 e6 3. c4 b6 4. g3 Ba6 5. b3 Bb7 6. Bg2 Bb4+ 7. Bd2 a5 8. 0-0 0-0 9. a3 Bxd2 10. Qxd2 d6 11. Qd3 Be4 12. Qe3 Bb7 13. Nc3 Nbd7 14. Qd3 d5 15. Rfd1 Qe7 16. Nd2 c5 17. cxd5 exd5 18. e3 Qe6 19. Rac1 Ba6 20. Qb1 cxd4 21. exd4 Rac8 22. Nf1 Qd6 23. Qb2 Bxf1 24. Rxf1 Rfd8 25. Rfe1 g6 26. Nb5 Qb8 27. Qd2 Rxc1 28. Qxc1 Re8 29. Rxe8+ Qxe8 30. Nc7 Qe7 31. Nxd5 Nxd5 32. Bxd5 Nf6 33. Bf3 Qd6 34. Qb2 Nd7 35. b4 axb4 36. axb4 Qf6 37. Qc3 Kg7 38. Kg2 Nf8 39. Bd5 h6 40. Qc7 g5 41. b5 Ng6 42. Qd7 Nf8 43. Qe8 Ng6 44. Bc4 h5 45. Qe4 h4 46. Bd3 hxg3 47. hxg3 Nf8 48. Bc4 Ng6 49. Qe3 Ne7 50. Bd3 Nd5 51. Qe4 Ne7 52. Qe5 Qxe5 53. dxe5 f6 54. exf6+ Kxf6 55. Kf3 Ke5 56. Kg4 Kf6 57. Be4 Nc8 1/2-1/2

[Event "EU-chT 24th"]
[Site "Budva"]
[Date "2023.11.20"]
[Round "9.5"]
[White "Adams, Michael"]
[Black "Sargsyan, Shant"]
[Result "0-1"]
[WhiteElo "2670"]
[BlackElo "2625"]
[PlyCount "72"]
[EventDate "2023.11.11"]
[EventType "team-swiss"]
[EventRounds "9"]
[EventCountry "MNE"]
[SourceTitle "CB47_2023"]
[SourceDate "2023.11.22"]
[SourceVersion "1"]
[SourceVersionDate "2023.11.22"]
[SourceQuality "1"]
[WhiteTeam "England"]
[BlackTeam "Armenia"]
[WhiteTeamCountry "ENG"]
[BlackTeamCountry "ARM"]

1. e4 e5 2. Nf3 Nc6 3. Bb5 a6 4. Ba4 Nf6 5. 0-0 Be7 6. d3 b5 7. Bb3 d6 8. a3 0-0 9. Nc3 Na5 10. Ba2 Be6 11. Bg5 c5 12. Bxf6 Bxf6 13. Nd5 g6 14. Qd2 Nc6 15. c3 Bg7 16. b4 Rc8 17. Rfb1 Bxd5 18. Bxd5 Ne7 19. Qa2 c4 20. dxc4 Nxd5 21. cxd5 Rxc3 22. Rc1 Qc7 23. Qb2 Rc8 24. Rxc3 Qxc3 25. Qxc3 Rxc3 26. Kf1 Rb3 27. h4 f6 28. h5 Bh6 29. hxg6 hxg6 30. Nh4 Bg5 31. Nf3 Bh6 32. Nh4 Kh7 33. g3 Bd2 34. Ra2 Bc1 35. a4 bxa4 36. Rxa4 Ra3 0-1

[Event "EU-chT 24th"]
[Site "Budva"]
[Date "2023.11.18"]
[Round "7.3"]
[White "Kozak, Adam"]
[Black "Sargsyan, Shant"]
[Result "1-0"]
[WhiteElo "2578"]
[BlackElo "2625"]
[PlyCount "143"]
[EventDate "2023.11.11"]
[EventType "team-swiss"]
[EventRounds "9"]
[EventCountry "MNE"]
[SourceTitle "CB47_2023"]
[SourceDate "2023.11.22"]
[SourceVersion "1"]
[SourceVersionDate "2023.11.22"]
[SourceQuality "1"]
[WhiteTeam "Hungary"]
[BlackTeam "Armenia"]
[WhiteTeamCountry "HUN"]
[BlackTeamCountry "ARM"]

1. e4 e5 2. Nf3 Nc6 3. Bc4 Nf6 4. d3 Bc5 5. a4 d6 6. a5 a6 7. c3 h6 8. 0-0 0-0 9. Be3 Bxe3 10. fxe3 Be6 11. Bxe6 fxe6 12. Nbd2 Qe8 13. d4 Rb8 14. Qb3 Kh8 15. Qa2 Rd8 16. Qb3 Rb8 17. Qa2 Rd8 18. Rae1 d5 19. Qb1 Qh5 20. h3 dxe4 21. Nxe4 Nxe4 22. Qxe4 Qf5 23. Qxf5 Rxf5 24. b4 Kg8 25. Rf2 Kf8 26. Rd2 Rf7 27. Rb2 exd4 28. exd4 Re7 29. Nh4 Kg8 30. Rbe2 Rd6 31. Ng6 Re8 32. h4 b6 33. axb6 cxb6 34. Nf4 e5 35. h5 Rdd8 36. dxe5 a5 37. e6 Ne7 38. bxa5 bxa5 39. Ra2 Rc8 40. Rxa5 Rxc3 41. Re4 Rc7 42. Rea4 Kh7 43. Ra8 Rc4 44. Rxe8 Rxa4 45. g3 Ra7 46. Rd8 Ra3 47. Kh2 Ra5 48. Kg2 Re5 49. Kf3 Nc6 50. Rd6 Ne7 51. g4 Re1 52. Kf2 Re4 53. Kf3 Re1 54. Rd8 Nc6 55. Rc8 Ne5+ 56. Kf2 Re4 57. Kg3 Re3+ 58. Kg2 g5 59. hxg6+ Nxg6 60. Rc7+ Kg8 61. Nxg6 Rxe6 62. Nf4 Ra6 63. Kg3 Ra1 64. Rc6 Kg7 65. Nh5+ Kh7 66. Kf4 Ra5 67. Re6 Rb5 68. Re7+ Kg8 69. Re5 Rb6 70. Kf5 Kf7 71. Rd5 Rb7 72. Nf6 1-0